| 000 | 00777nam a22001937a 4500 | ||
|---|---|---|---|
| 999 |
_c6111 _d6111 |
||
| 005 | 20260212140811.0 | ||
| 008 | 260212b ||||| |||| 00| 0 eng d | ||
| 020 | _a9780702313332 | ||
| 040 | _cKH8 | ||
| 082 | _a823.92 ROB | ||
| 100 |
_aROBINSON,MICHELLE _eAUTHOR |
||
| 245 | _aWHEN ICE CREAM HAD A MELTDOWN | ||
| 260 |
_a1 London Bridge,London,SE1 9BA _bScholastic _c2022 |
||
| 300 |
_a16 pages _bColour illustration _c25 cm x 28 cm |
||
| 520 | _aA laugh-out-loud picture book that explores our emotions and reassures toddlers that having the wobbles is OK. Ice Cream lives inside a van. It visits lots of places. Spreading joy and sprinkles, putting smiles on people's faces. -Library Thing- | ||
| 650 |
_aJuvenile Fiction _vEmotions |
||
| 655 | _aFood | ||
| 942 |
_2ddc _cFIC |
||